000 01145cab a2200421 4500
001 ABS50863
008 090401t1994 xxu||||| |||| 00| 0 eng d
035 _a(Sirsi) u80122
041 _aeng
100 _aStephens, M.
245 _aEcus from heaven?
260 _c1994
350 _a0
490 _aHousing
_v30(5) June 1994, 39-40(2)
520 _aExamines the funds that are available from the European Union for landlords despite the Union havng a policy of not funding housing directly.
650 _aCOMMUNITY SUPPORT FRAMEWORK
650 _aCSF
650 _aECSC
650 _aERDF
650 _aESF
650 _aEU
650 _aEUROPEAN COAL AND STEEL COMMUNITY
650 _aEUROPEAN REGIONAL DEVELOPMENT FUND
650 _aEUROPEAN SOCIAL FUND
650 _aEXCLUSION 1
650 _aGRANTS
650 _aOBJECTIVE 1
650 _aOBJECTIVE 2
650 _aOBJECTIVE 3
650 _aOBJECTIVE 4
650 _aOBJECTIVE 5
650 _aPOVERTY 3
650 _aQUARTIERS EN CRISE
650 _aURBAN PILOT PROJECTS
690 _aEUROPE-SINGLE MARKET
942 _n0
948 _c04/03/1997
999 _c50429
_d50429